[Event "Caracas Hernandez Cup"]
[Site "Caracas"]
[Date "2014.10.12"]
[Round "8"]
[White "Guerra, Jorge Isaac"]
[Black "Molina Sumoza, Jesus Alberto"]
[Result "0-1"]
[WhiteElo "2141"]
[BlackElo "2191"]
[PlyCount "70"]
[EventDate "2014.10.08"]
[EventType "swiss"]
[EventRounds "9"]
[EventCountry "VEN"]
[SourceTitle "EXT 2016"]
[Source "ChessBase"]
[SourceDate "2015.10.08"]
[SourceVersion "1"]
[SourceVersionDate "2015.10.08"]
[SourceQuality "1"]

1. d4 Nf6 2. c4 c5 3. d5 e6 4. Nc3 exd5 5. cxd5 d6 6. Nf3 g6 7. Nd2 Bg7 8. e4 0-0 9. Be2 Re8 10. 0-0 a6 11. a4 Nbd7 12. Kh1 Ne5 13. f3 Rb8 14. Ra3 Bh6 15. a5 Nh5 16. g3 Bh3 17. f4 Bxf1 18. Nxf1 Nd7 19. Bxh5 gxh5 20. Qxh5 Bg7 21. Ne3 Bxc3 22. Rxc3 Rxe4 23. Ng4 Qe7 24. Kg2 Kh8 25. Qf5 Re1 26. Be3 f6 27. b4 Rg8 28. bxc5 dxc5 29. Kh3 h5 30. Nh6 Rf8 31. d6 Qh7 32. Qxh5 f5 33. Bd2 Re6 34. Rxc5 Rxh6 35. Bc3+ Kg8 0-1

[Event "Caracas Hernandez Cup"]
[Site "Caracas"]
[Date "2014.10.12"]
[Round "9"]
[White "Heredia, Dorges"]
[Black "Guerra, Jorge Isaac"]
[Result "1-0"]
[WhiteElo "2214"]
[BlackElo "2141"]
[PlyCount "103"]
[EventDate "2014.10.08"]
[EventType "swiss"]
[EventRounds "9"]
[EventCountry "VEN"]
[SourceTitle "EXT 2016"]
[Source "ChessBase"]
[SourceDate "2015.10.08"]
[SourceVersion "1"]
[SourceVersionDate "2015.10.08"]
[SourceQuality "1"]

1. d4 d5 2. c4 e6 3. Nc3 Nf6 4. cxd5 exd5 5. Bg5 Be7 6. e3 Nbd7 7. Bd3 c6 8. Qc2 g6 9. Nf3 Nf8 10. 0-0 Ne6 11. Bxf6 Bxf6 12. b4 0-0 13. b5 c5 14. dxc5 Nxc5 15. Rad1 Nxd3 16. Qxd3 Bxc3 17. Qxc3 Bg4 18. Qe5 Qb6 19. Rxd5 Be6 20. Rd6 Qa5 21. Ng5 Bf5 22. e4 Rae8 23. Qd5 Bc8 24. Rd1 Qc3 25. h4 Re5 26. Qd4 Qxd4 27. R1xd4 Rxb5 28. Rd8 Rc5 29. Rxf8+ Kxf8 30. Nxh7+ Ke7 31. Ng5 f6 32. Nf3 Be6 33. Rb4 b6 34. Nd4 Rc1+ 35. Kh2 Rc4 36. a3 a5 37. Rxc4 Bxc4 38. Kg3 Kd6 39. Kf4 b5 40. g4 g5+ 41. hxg5 fxg5+ 42. Kxg5 Ke5 43. Nc6+ Kxe4 44. Nxa5 Kf3 45. Kf5 Bd3+ 46. Ke5 Kxf2 47. Kd4 Bg6 48. Nc6 Kg3 49. Ne5 Bh7 50. g5 Kf4 51. g6 Bg8 52. Nc6 1-0